Statistiques concernant Pokémon - Les attaques de Escargaume

Cliquez ici pour prendre le quiz!

Statistiques générales

  • Ce quiz a été pris 3 fois
  • Le résultat moyen est 11 sur 14

Statistiques - réponses

NiveauxTypesNoms des attaques% Correct
Niveau 24PoisonAcidarmure
100%
Niveau 4PoisonAcide
100%
Niveau 44InsecteBourdon
100%
Niveau 28PlanteGiga-Sangsue
100%
Niveau 8SpectreMalédiction
100%
Niveau 12PlanteMéga-Sangsue
100%
Niveau 16InsecteSurvinsecte
100%
Niveau 48CombatTout ou Rien
100%
DépartPlanteVol-Vie
100%
DépartNormalAbri
67%
Niveau 36NormalPlaquage
67%
Niveau 32PsyPermugarde
33%
Niveau 20NormalBâillement
0%
Niveau 40NormalSoin
0%

Distribution des résultats

Percentile par nombre de réponses

% des personnes avec chaque résultat

Votre développement - résultats

Vous n’avez pas pris ce quiz